000
00330pab a2200145 454500
008
180718b1997 xxu||||| |||| 00| 0 eng d
100
_a
Trivedi, R.S.
245
_a
Being professional
260
_c
1997
300
_a
p.1-2
362
_a
19 May
650
_a
Educational personnel
773
_a
University News
909
_a
34042
999
_c
34042
_d
34042